<?xml version="1.0" encoding="UTF-8"?>
<marc:record xmlns:marc="http://www.loc.gov/MARC21/slim">
   <marc:leader>00000nam a2200000 a 4500</marc:leader>
   <marc:datafield ind1="1" ind2=" " tag="100">
      <marc:subfield code="a">Federmann, Reinhard</marc:subfield>
      <marc:subfield code="4">aut</marc:subfield>
      <marc:subfield code="e">Verfasser/-in</marc:subfield>
   </marc:datafield>
   <marc:datafield ind1="0" ind2="0" tag="245">
      <marc:subfield code="a">Das Himmelreich der Lügner</marc:subfield>
   </marc:datafield>
   <marc:datafield ind1="0" ind2="0" tag="245">
      <marc:subfield code="b">Roman</marc:subfield>
   </marc:datafield>
   <marc:datafield ind1="0" ind2="0" tag="245">
      <marc:subfield code="c">Reinhard Federmann</marc:subfield>
   </marc:datafield>
   <marc:datafield ind1=" " ind2="1" tag="264">
      <marc:subfield code="a">Wien</marc:subfield>
      <marc:subfield code="b">Picus Verlag</marc:subfield>
      <marc:subfield code="c">2023</marc:subfield>
   </marc:datafield>
   <marc:datafield ind1=" " ind2=" " tag="250">
      <marc:subfield code="a">1. Auflage</marc:subfield>
   </marc:datafield>
   <marc:datafield ind1="1" ind2=" " tag="520">
      <marc:subfield code="a">Angaben aus der Verlagsmeldung

Das Himmelreich der Lügner : Roman / von Reinhard Federmann

In Wien am Abend des 12. Februar 1934, nach dem Ausbruch des binnen kürzester Zeit entschiedenen Bürgerkriegs, ziehen fünf Freunde und Sozialdemokraten aus, um eine Welt zu verteidigen, die es schon nicht mehr gibt, und sich der »Neuordnung Europas« entgegenzustellen. Einer von ihnen, Bruno Schindler, erzählt von diesem vergeblichen Unternehmen. Er selbst rettet sich in die Sowjetunion und kehrt nach dem Krieg nach Wien zurück, wo er den Schicksalen seiner Freunde nachspürt: Die einen sind umgekommen, die anderen haben sich Hitler angeschlossen, wenigen gelang die Flucht ins Ausland. Schindler selbst kehrt in seine Stadt fremd, heimat- und hoffnungslos zurück.Die Wiederentdeckung eines Meisterwerks der österreichischen Nachkriegsliteratur: Ein hochpolitischer, berührender Roman, ein Panorama der österreichischen Geschichte.
</marc:subfield>
   </marc:datafield>
   <marc:datafield ind1=" " ind2=" " tag="020">
      <marc:subfield code="a">9783711721297</marc:subfield>
      <marc:subfield code="9">9783711721297</marc:subfield>
   </marc:datafield>
   <marc:datafield ind1=" " ind2=" " tag="020">
      <marc:subfield code="a">371172129X</marc:subfield>
      <marc:subfield code="9">371172129X</marc:subfield>
   </marc:datafield>
   <marc:datafield ind1=" " ind2=" " tag="041">
      <marc:subfield code="a">ger</marc:subfield>
   </marc:datafield>
   <marc:datafield ind1=" " ind2=" " tag="300">
      <marc:subfield code="a">528 Seiten</marc:subfield>
   </marc:datafield>
</marc:record>
